| 000 | 00853nam a22002417i 4500 | ||
|---|---|---|---|
| 003 | EG-ScBUE | ||
| 005 | 20230614110012.0 | ||
| 008 | 200219s1989 ua f b 000 0 eng d | ||
| 020 | _a9771003526 | ||
| 040 |
_aEG-ScBUE _beng _erda _cEG-ScBUE _dEG-ScBUE |
||
| 082 | 0 | 4 |
_222 _a621 _bHAS |
| 100 | 1 |
_aHassan, Galal A., _eauthor. |
|
| 245 | 1 | 0 |
_aExperimental systems control / _cGalal A. Hassan, associate professor, Mechanical Engineering Department, University of Bahrain, State of Bahrain. |
| 264 | 1 |
_aCairo : _bDar Al-Fikr Al-Araby, _c1989. |
|
| 300 |
_ax, 277 pages ; _c24 cm |
||
| 336 |
_2rdacontent _atext _btxt |
||
| 337 |
_2rdamedia _aunmediated _bn |
||
| 338 |
_2rdacarrier _avolume _bnc |
||
| 504 | _aIncludes bibliographical references. | ||
| 650 | 7 |
_aMechanical engineering _xData processing. _2BUEsh |
|
| 655 | _vReading book | ||
| 942 |
_2ddc _cBB |
||
| 999 |
_c30481 _d30452 |
||